| 000 | 00489nam a2200145 a 4500 | ||
|---|---|---|---|
| 001 | 000033012 | ||
| 005 | 20200930065954.0 | ||
| 008 | 110808s1939 dr 000 0 spa d | ||
| 040 |
_aDO-SdBNP _bspa _cBNPHU |
||
| 082 | _axxxx | ||
| 100 | 1 |
_aD´Hartoy, Maurice _955303 |
|
| 245 | 1 | 0 |
_aIn deserto : _bParoles proncés en juin 1939, á la veille de la guerre / _cMaurice D´Hartoy. |
| 260 |
_aGenova : _bConsulat Géneral de la République Dominicaine, _c1939. |
||
| 300 |
_a30 p. : _bil. ; _c24 cm. |
||
| 999 |
_c32503 _d32503 |
||